Tutti gli Stati che hanno controllato Luang Prabang - Statistics

Statistiche generali
  • Questo quiz è stato fatto 5 volte
  • Il punteggio medio è 11 su 25
Statistiche sulle risposte
con Immagini Hint Risposta % Corretto
1893 - 1941 Impero Coloniale Francese (Protettorato del Laos)
100%
1946 - 1953 Impero Coloniale Francese (Protettorato del Laos)
100%
1941 - 1945 Impero Giapponese
100%
1975 - Oggi Repubblica Popolare Democratica del Laos
100%
1868 - 1893 Regno del Siam
75%
950 - 1286 Impero Khmer
50%
1297 - 1353 Impero Khmer
50%
1953 - 1975 Regno del Laos
50%
1782 - 1868 Regno di Rattanakosin
50%
698 - 709 Città-Stato di Muang Pua
25%
928 - 937 Città-Stato di Muang Pua
25%
1765 - 1779 Impero Konbaung
25%
1583 - 1590 Impero Toungoo
25%
902 - 928 Regno di Dachanghe
25%
1478 - 1480 Regno di Dai Viet
25%
937 - 950 Regno di Dali
25%
1353 - 1478 Regno di Lan Xang
25%
1480 - 1583 Regno di Lan Xang
25%
1590 - 1707 Regno di Lan Xang
25%
1945 - 1946 Regno di Lao Issara
25%
1707 - 1765 Regno di Luang Prabang
25%
709 - 902 Regno di Nanzhao
25%
1286 - 1297 Regno di Sukhothai
25%
1779 - 1782 Regno di Thonburi
25%
1945 Regno Giapponese di Luang Prabang
25%
Nessun quiz corrispondente trovato
Distribuzione punteggi
Percentuale di utenti per punteggio
Percentile per numero di risposta
I tuoi punteggi nel tempo
Non hai fatto questo quiz